000 005530000a22001930004500
003 LK-CoMWRAF
005 20230926110420.0
008 230817t ||||| |||| 00| 0 eng d
040 _aLK-CoMWRAF
_dLK-CoMWRAF
_eLK-CoMWRAF
041 _aeng
082 _a340.59
_bJAR
100 _aAl-Jarallah, Khaled
100 _aAl-Hamadi, Abdullah
245 _aRules of Jurisprudence for the patient
260 _aDehiwala (Sri Lanka) :
_bIslamic Da'wah society of Sri Lanka,
_c1985
300 _a33p
650 _aIslam-Jurisprudence-Patients
942 _cBK
999 _c2290
_d2290